| 000 | 00539nam a2200205Ia 4500 | ||
|---|---|---|---|
| 005 | 20260429112213.0 | ||
| 008 | 260429s9999||||xx |||||||||||||| ||und|| | ||
| 020 | _a9789382126201 | ||
| 041 | _aEnglish | ||
| 082 |
_a579.175 _bAGA |
||
| 100 | _aAgarwal, T.K. | ||
| 245 | 0 |
_aTextbook of soil microbiology / _cT.K. Agarwal |
|
| 260 |
_aNew Delhi : _bAstha Publishers, _c2014. |
||
| 300 | _aviii, 264 p.; hb | ||
| 650 | _a Environments | ||
| 650 | _a Microbiology | ||
| 650 | _a Soil microbiology | ||
| 650 | _aBiology | ||
| 942 | _cTB | ||
| 999 |
_c52881 _d52881 |
||